Lorde - Supercut lyrics - Statistics

General Stats
  • This quiz has been taken 343 times
  • The average score is 332 of 377
Answer Stats
Answer % Correct
a
100%
supercut
100%
Supercut
100%
I
99%
of
99%
us
99%
my
98%
the
98%
The
98%
head,
97%
head
97%
In
97%
in
97%
(In
97%
we
97%
We
97%
you,
97%
you
97%
it
96%
All
95%
all
95%
and
95%
And
95%
for
95%
just
95%
up
95%
your
95%
to
94%
it's
93%
love
93%
play
93%
when
93%
When
93%
(When
93%
radio
92%
about
91%
be
91%
Be
91%
car,
91%
talk
91%
me
90%
gave
89%
had
88%
do
87%
everything
87%
I'll
87%
keep
87%
lost
87%
never
87%
right)
87%
right
87%
call
86%
call,
86%
forgive
86%
stop
86%
crush
85%
fight)
85%
fight
85%
Oh,
85%
over
85%
reach
85%
home
84%
magic
84%
off
83%
visions
83%
But
82%
Come
82%
dark
80%
heart,
80%
tryin'
80%
were
80%
not
78%
These
78%
wild
78%
Wild
78%
moments
77%
So
77%
afternoon
76%
Make
76%
rush
76%
touch
75%
'Cause
74%
overnight
74%
crazy
73%
I'm
73%
quiet
70%
fall
68%
Because
66%
violent
66%
Slow
64%
fluorescent
63%
motion,
63%
turn
61%
there's
60%
our
58%
ribbons
58%
Into
56%
may
56%
stars
56%
wrap
55%
someone,
51%
cars
50%
stages
47%
continents
45%
watchin'
45%
are
44%
ours
30%
uh
26%
No matching quizzes found
Score Distribution
Percent of People with Each Score
Percentile by Number Answered
Your Score History
You have not taken this quiz